000
002910000a22000970004500
100
1
_a
Pate, Larry D.
245
1
0
_a
Adop a people and the two-thirds world mission movement
300
_a
Vol. 12, Núm 1 (1995), Páginas 41-43
773
0
_t
International Journal of Frontier Misions
942
_c
ANA
999
_c
55338
_d
55338